000 00554nam a2200205Ia 4500
005 20241129111421.0
008 241129s9999||||xx |||||||||||||| ||und||
037 _aTB
040 _aCRL
_beng
_cCRL
041 _aurd
_2urd
084 _aU8 168R1
_qCRL
100 _aJawaid Danish Au.
_9724361
245 0 _aAawargi aur Mazeed awargi
_cJawaid Danish Au.
260 _aLucknow, India
_bMatterlink
_c2021
300 _a431p.
365 _aINR
_b650
650 _aGeographyTravel
_9726204
942 _cTB
_hU8 168R1
999 _c1230374
_d1230374